00756nam a22002177a 4500001000500000005001700005008004100022020001800063040002900081050000800110082001100118100002700129245002600156260004900182300003400231490001800265505000600283520020400289521002700493521001800520123520230808172014.0230808b cb ||||| |||| 00| 0 eng d a9781605537665 aFISKHbengcFISKHdFISKH aPZ7 a793.73 aMcCafferty, Catherine  aLook and find /bElmo aLondon :bPublications International,c2010. a20 unnumbered pages :c31 cm. aLook and Find aF aVampirina Hauntley and her family have just moved from Transylvania to Pennsylvania. Look for hidden objects in eight scenes, then turn to the back of the book for even more Look and find challenges. a400 bLexile estimate aF bRaz-Plus